000 00859nas a2200277 4500
001 BR0704088
003 BR-BrBNA
005 20231205111048.0
007 ta
008 230509b bl.|||p| |||| 00| 00por d
040 _aBR-BrBNA
_bpor
_cBiblioteca Nacional de Agricultura
041 _a(Pt)
072 _aP10
100 1 _aCampos, J.A.D.B.
100 1 _aFarache Filho, A.
100 1 _aFaria, J.B.
245 1 _aQualidade da água armazenada em reservatórios domiciliares: parâmetros físico-químicos e microbiológicos
650 _aRESERVATÓRIO DE ÁGUA
650 _aANÁLISE MICROBIOLOGICA
650 _aÁGUA
650 _aQUALIDADE DA ÁGUA
650 _aCLORO
773 0 _tAlimentos e Nutrição (Brazil)
_xISSN 0103-4235
_g(2003), v. 14(1) p. 63-67
_wBR0704088
909 _a202311
_bLúcia
_c55
_dLúcia Elande
942 _2AGRIS
_n0
_cANA
999 _c190405
_d190405